|
|
|
|
| LEADER |
00000nas a2200000 a 4500 |
| 001 |
ssj0002723 |
| 003 |
WaSeSS |
| 005 |
20200512172242.0 |
| 006 |
m d |
| 007 |
cr n |
| 008 |
981124c19679999gw mx pss 0 a0eng c |
| 010 |
|
|
|a 2004233605
|
| 016 |
7 |
|
|a 013089764
|2 Uk
|
| 022 |
|
|
|a 1432-1793
|l 0025-3162
|y 0025-3162
|
| 035 |
|
|
|a (WaSeSS)ssj0002723
|
| 040 |
|
|
|a CCO
|b eng
|e pn
|c CCO
|d OCL
|d OCLCQ
|d GUA
|d OCLCQ
|d MUQ
|d OCL
|d OCLCQ
|d UKMGB
|d OCLCQ
|d OCLCO
|d OCLCQ
|d BUF
|d OCLCF
|d OCLCO
|d VT2
|d OCLCQ
|d DEFHM
|d OCLCO
|d OCLCA
|d WT2
|d OCLCQ
|d TOF
|d AU@
|d OCLCO
|d DLC
|d NJT
|d OCLCQ
|d WaSeSS
|
| 042 |
|
|
|a pcc
|
| 050 |
0 |
0 |
|a QH91.A1
|
| 060 |
1 |
0 |
|a W1
|b MA653H
|
| 082 |
0 |
4 |
|a 574.92
|
| 130 |
0 |
|
|a Marine biology (Online)
|
| 245 |
1 |
0 |
|a Marine biology
|h [electronic resource].
|
| 260 |
|
|
|a Heidelberg :
|b Springer-Verlag Heidelberg
|
| 310 |
|
|
|a 12 issues yearly,
|b <July 2004->
|
| 321 |
|
|
|a Monthly
|
| 362 |
1 |
|
|a Print began with v. 1 (June 1967).
|
| 500 |
|
|
|a "International journal on life in oceans and coastal waters."
|
| 506 |
|
|
|a License restrictions may limit access.
|
| 515 |
|
|
|a Some issues combined.
|
| 588 |
0 |
|
|a Vol. 127, no. 3 (Feb. 1997); title from contents screen (Springer LINK, viewed Apr. 8, 2004).
|
| 588 |
1 |
|
|a Vol. 166, no. 5 (May 2019) (SpringerLink website, viewed Apr. 11, 2019).
|
| 650 |
|
0 |
|a Marine biology
|v Periodicals.
|
| 650 |
|
6 |
|a Biologie marine
|v Périodiques.
|
| 650 |
|
7 |
|a Marine biology.
|2 fast
|0 (OCoLC)fst01009447
|
| 650 |
|
7 |
|a Meeresbiologie
|2 gnd
|
| 650 |
|
7 |
|a Zeitschrift
|2 gnd
|
| 650 |
|
7 |
|a Online-Ressource
|2 gnd
|
| 655 |
|
0 |
|a Electronic journals.
|
| 776 |
0 |
8 |
|i Print version:
|t Marine Biology
|x 0025-3162
|w (DLC) 70011281
|w (OCoLC)1713888
|
| 850 |
|
|
|a DLC
|
| 856 |
4 |
0 |
|z Full text available from Research Library: 05/01/1998 to 1 year ago
|u https://search.proquest.com/publication/48903
|